La factura electrónica llegó al monotributo (Registro nro. 15381)
[ vista simple ]
| 000 -LEADER | |
|---|---|
| fixed length control field | 00320 a2200109 4500 |
| 001 - CONTROL NUMBER | |
| control field | ART_18841 |
| 005 - DATE AND TIME OF LATEST TRANSACTION | |
| control field | 20260410161703.0 |
| 008 - FIXED-LENGTH DATA ELEMENTS--GENERAL INFORMATION | |
| fixed length control field | 260409a |
| 100 1# - MAIN ENTRY--PERSONAL NAME | |
| Personal name | Ferraro, Ricardo H. |
| 245 10 - TITLE STATEMENT | |
| Title | La factura electrónica llegó al monotributo |
| 773 0# - HOST ITEM ENTRY | |
| Title | Revista Impuestos |
| Related parts | - Nº 5 (may. 2011) |
| Record control number | REV639 |
No hay ítems disponibles.